[Event "Scarborough CC ch Reserves U1700"]
[Site "Toronto CAN"]
[Date "2010.03.11"]
[Round "3"]
[White "Rogers, Michael"]
[Black "Yie, Kevin"]
[Result "1-0"]
[WhiteElo "1581"]
[BlackElo "1176"]
[PlyCount "53"]
[EventDate "2010.02.25"]
[EventType "swiss"]
[EventRounds "9"]
[EventCountry "CAN"]

1. e4 e5 2. Nf3 Nc6 3. Bc4 Nf6 4. d4 d6 5. Ng5 d5 6. exd5 Nxd4 7. Nc3 Bd6 8.
O-O O-O 9. Re1 Bf5 10. Nce4 Nxe4 11. Nxe4 Be7 12. f4 Bxe4 13. Rxe4 Bc5 14. Be3
f5 15. Rxe5 Bd6 16. Bxd4 Bxe5 17. Bxe5 Kh8 18. Qd4 Qe7 19. Re1 Rfe8 20. Kf1
Rac8 21. Qxa7 Qd8 22. Qa4 Qh4 23. Bxg7+ Kxg7 24. Qd7+ Kh6 25. Re6+ Kh5 26. Be2+
Qg4 27. Qxh7# 1-0

[Event "Scarborough CC ch Reserves U1700"]
[Site "Toronto CAN"]
[Date "2010.03.11"]
[Round "3"]
[White "Smith, Maurice"]
[Black "Walker, John"]
[Result "0-1"]
[WhiteElo "1639"]
[BlackElo "1503"]
[PlyCount "72"]
[EventDate "2010.02.25"]
[EventType "swiss"]
[EventRounds "9"]
[EventCountry "CAN"]

1. e4 d6 2. d4 Nf6 3. Nc3 Nbd7 4. Nf3 e5 5. dxe5 dxe5 6. Bc4 h6 7. O-O Be7 8.
Qe2 c6 9. Rd1 Qc7 10. h3 O-O 11. Be3 Re8 12. a3 Nc5 13. Bc1 Bd7 14. b4 Ne6 15.
Be3 Bf8 16. Rd2 Nf4 17. Bxf4 exf4 18. Rad1 Rad8 19. Nd4 a5 20. Rb1 axb4 21.
axb4 Qb6 22. b5 c5 23. Nf3 Bf5 24. Rxd8 Qxd8 25. Rd1 Qa5 26. Nd5 Nxe4 27. Qf1
Nd6 28. Ra1 Qd8 29. b6 Nxc4 30. Qxc4 Be6 31. Rd1 Bxd5 32. Rxd5 Qxb6 33. Rf5 Qe6
34. Qxf4 Bd6 35. Qg4 Qe1+ 36. Nxe1 Rxe1# 0-1

[Event "Scarborough CC ch Reserves U1700"]
[Site "Toronto CAN"]
[Date "2010.03.11"]
[Round "3"]
[White "Vyravanathan, Sobiga"]
[Black "Pishdad, Hassan"]
[Result "0-1"]
[WhiteElo "1201"]
[BlackElo "1422"]
[PlyCount "114"]
[EventDate "2010.02.25"]
[EventType "swiss"]
[EventRounds "9"]
[EventCountry "CAN"]

1. e4 c5 2. Nf3 Nc6 3. d4 cxd4 4. Nxd4 e5 5. Nf3 Bc5 6. Bc4 Nge7 7. Nc3 d6 8.
h3 O-O 9. O-O h6 10. Re1 a6 11. Be3 Bb4 12. Qd3 Qc7 13. Red1 Rd8 14. a3 Bxc3
15. Qxc3 Bd7 16. Qb3 Qc8 17. Bxf7+ Kh8 18. Bc4 Bxh3 19. gxh3 Qxh3 20. Nh2 Na5
21. Qb4 Nxc4 22. Qxc4 Ng6 23. Qf1 Qh4 24. Qg2 Nf4 25. Bxf4 Qxf4 26. Qg4 Qf6 27.
Qf5 Qe7 28. Nf3 Rf8 29. Qh3 Rf4 30. Re1 Qf6 31. Re3 Rf8 32. Kg2 Qg6+ 33. Kf1
Kg8 34. Rae1 Qf7 35. Kg2 Qg6+ 36. Kh2 Qf6 37. Kg2 Qg6+ 38. Kh1 Qf6 39. Kg2 Qg6+
40. Kf1 Qf6 41. Kg2 Qg6+ 42. Kh2 Qf6 43. Kg3 Rxf3+ 44. Rxf3 Qxf3+ 45. Kh2 Qxf2+
46. Qg2 Qxe1 47. Kh3 Qe3+ 48. Qg3 Rf3 49. Qxf3 Qxf3+ 50. Kh2 Qxe4 51. c3 Qf4+
52. Kg2 e4 53. b4 e3 54. c4 e2 55. c5 e1=Q 56. cxd6 Qeg3+ 57. Kh1 Qh2# 0-1

[Event "Scarborough CC ch Reserves U1700"]
[Site "Toronto CAN"]
[Date "2010.03.18"]
[Round "4"]
[White "Karpik, Steve"]
[Black "Dattani, Dinesh"]
[Result "1-0"]
[WhiteElo "1486"]
[BlackElo "1373"]
[PlyCount "79"]
[EventDate "2010.02.25"]
[EventType "swiss"]
[EventRounds "9"]
[EventCountry "CAN"]

1. Nf3 Nf6 2. g3 d5 3. c4 b6 4. Bg2 Bb7 5. O-O Nbd7 6. cxd5 Nxd5 7. Nc3 e6 8.
Qa4 N5f6 9. d3 Be7 10. Ne5 Bxg2 11. Kxg2 h6 12. Nc6 Nc5 13. Qc2 Qd7 14. Nxe7
Qxe7 15. d4 Ncd7 16. Nb5 O-O 17. b3 c5 18. dxc5 Nxc5 19. Ba3 Rac8 20. Qb2 Qb7+
21. Kg1 Rfd8 22. Rad1 Nd5 23. e4 Nxe4 24. Rfe1 Nef6 25. Nd6 Rxd6 26. Bxd6 Qc6
27. Rc1 Nc3 28. Be5 Nfe4 29. Bxc3 Nxc3 30. Qc2 Qf3 31. Qd2 Kh7 32. Rc2 Qf6 33.
Qd3+ g6 34. Rec1 Qf5 35. Qa6 e5 36. Rxc3 Rxc3 37. Rxc3 Qb1+ 38. Kg2 Qe4+ 39.
Rf3 g5 40. Qd3 1-0

[Event "Scarborough CC ch Reserves U1700"]
[Site "Toronto CAN"]
[Date "2010.03.18"]
[Round "4"]
[White "Orsini, Mike"]
[Black "Wang, Jason"]
[Result "1/2-1/2"]
[WhiteElo "1346"]
[BlackElo "1161"]
[PlyCount "89"]
[EventDate "2010.02.25"]
[EventType "swiss"]
[EventRounds "9"]
[EventCountry "CAN"]

1. e4 c5 2. d3 e6 3. Nd2 Nf6 4. g3 g6 5. Ngf3 Bg7 6. Bg2 O-O 7. O-O d5 8. Re1
Nc6 9. c3 Qc7 10. exd5 Nxd5 11. Nh4 Rd8 12. Rb1 Bf6 13. Nhf3 e5 14. Ne4 Bg4 15.
Nxf6+ Nxf6 16. Bg5 Rd7 17. Qe2 Re8 18. Qe3 Qd6 19. Bxf6 Qxf6 20. h3 Bf5 21.
Qxc5 Bxd3 22. Rbd1 Bf5 23. Nh4 Rxd1 24. Rxd1 Bc8 25. Rd6 Re6 26. Rxe6 Qxe6 27.
Bxc6 Qxc6 28. Qxc6 bxc6 29. g4 e4 30. Ng2 Kg7 31. Kf1 h6 32. Ne3 f5 33. Ke2 Kf6
34. f3 h5 35. fxe4 hxg4 36. hxg4 fxg4 37. Ng2 Ke5 38. Ke3 g5 39. Ne1 c5 40. c4
Bb7 41. Nd3+ Kd6 42. e5+ Ke7 43. Nxc5 Ba8 44. Kf2 Kf7 45. Kg3 1/2-1/2

[Event "Scarborough CC ch Reserves U1700"]
[Site "Toronto CAN"]
[Date "2010.03.18"]
[Round "4"]
[White "Pishdad, Hassan"]
[Black "Al Ganabi, Yasir"]
[Result "1-0"]
[WhiteElo "1422"]
[BlackElo "1395"]
[PlyCount "53"]
[EventDate "2010.02.25"]
[EventType "swiss"]
[EventRounds "9"]
[EventCountry "CAN"]

1. e4 e5 2. Nf3 Nc6 3. Nc3 Bb4 4. a3 Bxc3 5. dxc3 Nf6 6. Bd3 O-O 7. Bg5 h6 8.
Bh4 d6 9. Qd2 Bg4 10. O-O-O Bxf3 11. gxf3 Qc8 12. Bxf6 Qe6 13. Bxg7 Kxg7 14.
Rdg1+ Kh7 15. Kb1 Rg8 16. f4 Qf6 17. f5 a6 18. Bc4 b5 19. Bd5 Rxg1+ 20. Rxg1
Rg8 21. Rxg8 Kxg8 22. Bxc6 d5 23. Qxd5 Kg7 24. Qd7 Qd6 25. Qe8 h5 26. Bd5 Qf8
27. Qxe5+ 1-0

[Event "Scarborough CC ch Reserves U1700"]
[Site "Toronto CAN"]
[Date "2010.03.18"]
[Round "4"]
[White "Sottile, Claudio"]
[Black "Paraparan, Varshini"]
[Result "1-0"]
[WhiteElo "1324"]
[BlackElo "752"]
[PlyCount "69"]
[EventDate "2010.02.25"]
[EventType "swiss"]
[EventRounds "9"]
[EventCountry "CAN"]

1. e4 e5 2. Nf3 Nc6 3. Bb5 Nd4 4. Nxd4 exd4 5. c3 c6 6. Bc4 Bc5 7. b4 Bb6 8.
Bb2 Nf6 9. O-O Nxe4 10. cxd4 d5 11. Re1 Bf5 12. f3 dxc4 13. Nc3 O-O 14. Nxe4
Re8 15. Ng3 Rxe1+ 16. Qxe1 Bd3 17. Qe3 Bg6 18. Rc1 Qe8 19. Rxc4 Qxe3+ 20. dxe3
Re8 21. Kf2 a5 22. bxa5 Bxa5 23. Bc3 b5 24. Rxc6 Bxc3 25. Rxc3 b4 26. Rb3 Rb8
27. a3 Bc2 28. Rxb4 Rxb4 29. axb4 g6 30. Ke2 h5 31. Kd2 Bf5 32. Nxf5 gxf5 33.
Kd3 Kf8 34. Kc4 Ke8 35. h4 1-0

[Event "Scarborough CC ch Reserves U1700"]
[Site "Toronto CAN"]
[Date "2010.03.18"]
[Round "4"]
[White "Termeer, Ted"]
[Black "Rogers, Michael"]
[Result "1/2-1/2"]
[WhiteElo "1548"]
[BlackElo "1581"]
[PlyCount "119"]
[EventDate "2010.02.25"]
[EventType "swiss"]
[EventRounds "9"]
[EventCountry "CAN"]

1. Nf3 f5 2. d4 Nf6 3. e3 g6 4. Bc4 d5 5. Bb3 c6 6. c4 Bg7 7. cxd5 cxd5 8. Nc3
O-O 9. O-O e6 10. Bd2 Ne4 11. Nxe4 fxe4 12. Ne1 a5 13. f4 Nc6 14. g3 Qf6 15.
Bc2 Bh6 16. Ng2 Nb4 17. a3 Nd3 18. Bc1 Nxc1 19. Rxc1 Bd7 20. a4 Rf7 21. Bb1
Raf8 22. b3 b5 23. Rc5 Rb8 24. Bc2 Bf8 25. Rc7 Qd8 26. Ra7 Qb6 27. Rxd7 Rxd7
28. Qg4 Rc8 29. Bd1 bxa4 30. bxa4 Rf7 31. h4 Rg7 32. Qh3 Bb4 33. Bb3 Bd2 34.
Bxd5 Re8 35. Bxe4 Qb3 36. Bc6 Bxe3+ 37. Kh2 Rc8 38. Bb5 Rgc7 39. Re1 Bxd4 40.
Qxe6+ Qxe6 41. Rxe6 Rc1 42. Re2 R1c2 43. Rxc2 Rxc2 44. Bd7 h5 45. f5 gxf5 46.
Bxf5 Rc4 47. Bd7 Kf8 48. Bb5 Rb4 49. Bc6 Ke7 50. Nf4 Kd6 51. Bf3 Kc5 52. Nd3+
Kc4 53. Nxb4 axb4 54. Bxh5 b3 55. Bg6 Kb4 56. h5 Kxa4 57. h6 b2 58. g4 Ka3 59.
h7 Ka2 60. Bf5 1/2-1/2

[Event "Scarborough CC ch Reserves U1700"]
[Site "Toronto CAN"]
[Date "2010.03.18"]
[Round "4"]
[White "Vyravanathan, Sobiga"]
[Black "Farrant, David"]
[Result "1-0"]
[WhiteElo "1201"]
[BlackElo "1454"]
[PlyCount "89"]
[EventDate "2010.02.25"]
[EventType "swiss"]
[EventRounds "9"]
[EventCountry "CAN"]

1. e4 c5 2. Nf3 e6 3. Nc3 d5 4. exd5 exd5 5. Qe2+ Be7 6. d4 cxd4 7. Nxd4 Nf6 8.
Qb5+ Qd7 9. Bg5 a6 10. Qxd7+ Bxd7 11. Bd3 O-O 12. O-O Nc6 13. Nf3 Be6 14. Rfe1
Rfe8 15. a3 b5 16. Rad1 Rad8 17. h3 h6 18. Bh4 g5 19. Bg3 Nh5 20. Bh2 Bd6 21.
Bxd6 Rxd6 22. Bf5 Nf4 23. Ne4 dxe4 24. Rxd6 Bxf5 25. Rxc6 Bd7 26. Rxa6 exf3 27.
Rxe8+ Bxe8 28. gxf3 Kg7 29. Kh2 Bd7 30. Rb6 Nxh3 31. Rb7 Bf5 32. Rxb5 Kg6 33.
c4 Nxf2 34. c5 Nd3 35. c6 Kf6 36. c7 Bc8 37. Rb8 Nxb2 38. Rxc8 Nc4 39. Rb8 Nd6
40. c8=Q Nxc8 41. Rxc8 h5 42. a4 g4 43. fxg4 hxg4 44. Kg3 Kg5 45. Rc5+ 1-0

[Event "Scarborough CC ch Reserves U1700"]
[Site "Toronto CAN"]
[Date "2010.03.18"]
[Round "4"]
[White "Yie, Kevin"]
[Black "Mourgelas, James"]
[Result "1/2-1/2"]
[WhiteElo "1176"]
[BlackElo "1596"]
[PlyCount "66"]
[EventDate "2010.02.25"]
[EventType "swiss"]
[EventRounds "9"]
[EventCountry "CAN"]

1. e4 e5 2. Nf3 Nc6 3. Bc4 Bc5 4. O-O h6 5. c3 Nf6 6. Re1 d6 7. d4 Bb6 8. dxe5
dxe5 9. Qxd8+ Nxd8 10. Nxe5 O-O 11. Nf3 Be6 12. Bxe6 Nxe6 13. h3 Rad8 14. Bd2
Nc5 15. e5 Nh7 16. b3 Nd3 17. Re2 Bxf2+ 18. Rxf2 Nxf2 19. Kxf2 Rfe8 20. c4 Nf8
21. Bc3 Ne6 22. Nbd2 Nf4 23. Re1 Nd3+ 24. Kf1 Nxe1 25. Kxe1 b6 26. Kf2 c5 27.
Ne1 Re6 28. Nef3 Rde8 29. Ne4 f5 30. Nd6 Rf8 31. Ke3 f4+ 32. Ke4 g5 33. Kd5 Re7
1/2-1/2

[Event "Scarborough CC ch Reserves U1700"]
[Site "Toronto CAN"]
[Date "2010.03.18"]
[Round "4"]
[White "Yusuf, Magas"]
[Black "Smith, Maurice"]
[Result "1-0"]
[WhiteElo "1646"]
[BlackElo "1639"]
[PlyCount "110"]
[EventDate "2010.02.25"]
[EventType "swiss"]
[EventRounds "9"]
[EventCountry "CAN"]

1. d4 Nf6 2. Nf3 d5 3. c4 c6 4. cxd5 cxd5 5. Nc3 Nc6 6. Bf4 Bf5 7. e3 a6 8. Qb3
b5 9. Rc1 Rc8 10. Be2 e6 11. O-O Be7 12. Nxb5 O-O 13. Nc3 a5 14. Na4 Nb4 15. a3
Bc2 16. Rxc2 Rxc2 17. Bd1 Rc8 18. axb4 Bxb4 19. Be2 Ne4 20. Bd3 h6 21. Bxe4
dxe4 22. Ne1 Rc6 23. Nc2 Be7 24. Nc3 Qc8 25. Rc1 Qa6 26. Ra1 Rfc8 27. d5 exd5
28. Nd4 Rb6 29. Qxd5 Rxb2 30. Nxe4 Qd3 31. h3 Rb1+ 32. Rxb1 Qxb1+ 33. Kh2 Rd8
34. Qf5 Qb7 35. Nd2 Bb4 36. Qb1 Qd5 37. Qb2 Qd7 38. Ne4 Qe8 39. Nd2 Qd7 40. Ne4
Qe8 41. f3 Qd7 42. Bxh6 Be7 43. Bxg7 Bd6+ 44. Nxd6 Qxd6+ 45. Kg1 Qg6 46. Be5
Re8 47. Bf4 Rc8 48. Qf2 Rc1+ 49. Kh2 Qb1 50. Qg3+ Kf8 51. Bd6+ Ke8 52. Qe5+ Kd8
53. Qe7+ Kc8 54. Qe8+ Kb7 55. Qd7+ Ka6 1-0

[Event "Scarborough CC ch Reserves U1700"]
[Site "Toronto CAN"]
[Date "2010.03.25"]
[Round "5"]
[White "Dattani, Dinesh"]
[Black "Wang, Jason"]
[Result "1-0"]
[WhiteElo "1373"]
[BlackElo "1161"]
[PlyCount "127"]
[EventDate "2010.02.25"]
[EventType "swiss"]
[EventRounds "9"]
[EventCountry "CAN"]

1. e4 c5 2. Nf3 e6 3. d4 cxd4 4. Nxd4 g6 5. Nc3 Bg7 6. Be3 a6 7. Qd2 Nc6 8. Be2
b5 9. a3 Bb7 10. O-O-O Qc7 11. Kb1 Nf6 12. f3 O-O 13. g4 d5 14. exd5 Nxd5 15.
Nxd5 exd5 16. Nxc6 Bxc6 17. Bd4 Rfe8 18. Bxg7 Kxg7 19. Qd4+ Qe5 20. Qxe5+ Rxe5
21. Rd2 Rae8 22. Bd1 Re1 23. Rxe1 Rxe1 24. Kc1 Rf1 25. Rd4 Rf2 26. h4 Rh2 27.
g5 h6 28. b3 hxg5 29. hxg5 Rg2 30. f4 f6 31. Bf3 Rf2 32. Bxd5 Bxd5 33. gxf6+
Kf7 34. Rxd5 Rxf4 35. Rd7+ Kxf6 36. Rd6+ Kf5 37. Rxa6 g5 38. Ra5 g4 39. Rxb5+
Kg6 40. Rb6+ Kh5 41. Rb8 g3 42. Rh8+ Kg4 43. Rg8+ Kh3 44. Kd2 g2 45. Ke3 Rf1
46. Rh8+ Kg3 47. Rg8+ Kh2 48. Rh8+ Kg1 49. a4 Re1+ 50. Kd2 Re5 51. c4 Kf2 52.
Rg8 g1=Q 53. Rxg1 Kxg1 54. Kd3 Kf2 55. Kc3 Kf3 56. Kb4 Ke4 57. a5 Re6 58. Kb5
Kd4 59. a6 Kc3 60. b4 Re5+ 61. c5 Re7 62. c6 Rf7 63. Kb6 Kxb4 64. a7 1-0

[Event "Scarborough CC ch Reserves U1700"]
[Site "Toronto CAN"]
[Date "2010.03.25"]
[Round "5"]
[White "Rogers, Michael"]
[Black "Yusuf, Magas"]
[Result "0-1"]
[WhiteElo "1581"]
[BlackElo "1646"]
[PlyCount "107"]
[EventDate "2010.02.25"]
[EventType "swiss"]
[EventRounds "9"]
[EventCountry "CAN"]

1. e4 e5 2. Nf3 Nf6 3. Nxe5 d6 4. Nxf7 Kxf7 5. d4 Nc6 6. Nc3 Be7 7. Bc4+ Ke8 8.
O-O Bg4 9. f3 Bh5 10. Be3 Na5 11. Bd3 Rf8 12. Qd2 Nc6 13. Rae1 Nb4 14. Bc4 Bf7
15. Bxf7+ Kxf7 16. Qe2 Kg8 17. f4 Nc6 18. Rd1 Qd7 19. h3 Nb4 20. a3 Na6 21. e5
Ne8 22. Qh5 g6 23. Qf3 c6 24. d5 dxe5 25. Qe4 Bc5 26. fxe5 Rxf1+ 27. Rxf1 cxd5
28. Qf3 Bxe3+ 29. Qxe3 Ng7 30. Qf3 Nc7 31. Rd1 Qf7 32. Qxf7+ Kxf7 33. Nxd5 Nxd5
34. Rxd5 Ke6 35. c4 Nf5 36. Kf2 Rf8 37. Ke2 Ng3+ 38. Ke3 Nf5+ 39. Ke2 Ng3+ 40.
Ke3 Nf5+ 41. Kd3 Rf7 42. b4 Nh4 43. g4 Ng2 44. Kd2 Rf2+ 45. Kc3 Rf3+ 46. Kd4
Rxa3 47. Rd6+ Ke7 48. c5 Rxh3 49. b5 Rh1 50. Ke4 Re1+ 51. Kf3 Nh4+ 52. Kg3 Rxe5
53. Kxh4 Rxc5 54. Rd4 0-1

[Event "Scarborough CC ch Reserves U1700"]
[Site "Toronto CAN"]
[Date "2010.03.25"]
[Round "5"]
[White "Roy, Lawrence"]
[Black "Orsini, Mike"]
[Result "0-1"]
[WhiteElo "844"]
[BlackElo "1346"]
[PlyCount "66"]
[EventDate "2010.02.25"]
[EventType "swiss"]
[EventRounds "9"]
[EventCountry "CAN"]

1. e4 c5 2. Nf3 d6 3. d4 cxd4 4. Nxd4 Nf6 5. Bg5 Qa5+ 6. c3 Qxg5 7. Qd2 Nxe4 8.
Qxg5 Nxg5 9. Bd3 a6 10. O-O Nc6 11. Nxc6 bxc6 12. h4 Ne6 13. Be4 d5 14. Bf5 g6
15. Bxe6 Bxe6 16. c4 Bg7 17. a4 Bxb2 18. Ra2 Rb8 19. cxd5 Bxd5 20. Re1 Bxa2 21.
Re2 Bxb1 22. Re1 Bf6 23. g3 O-O 24. a5 Rb4 25. Rc1 Be5 26. Rf1 Rfb8 27. f3 Bd4+
28. Kh1 Bd3 29. Re1 Rb1 30. Rxb1 Rxb1+ 31. Kh2 Rb2+ 32. Kh1 c5 33. f4 Be4# 0-1

[Event "Scarborough CC ch Reserves U1700"]
[Site "Toronto CAN"]
[Date "2010.03.25"]
[Round "5"]
[White "Walker, John"]
[Black "Liu, Jiaxin (Dora)"]
[Result "0-1"]
[WhiteElo "1503"]
[BlackElo "1297"]
[PlyCount "66"]
[EventDate "2010.02.25"]
[EventType "swiss"]
[EventRounds "9"]
[EventCountry "CAN"]

1. Nf3 c5 2. e3 Nc6 3. d4 cxd4 4. exd4 e6 5. Nbd2 Nge7 6. b3 g6 7. Bb2 Bg7 8.
Bd3 d6 9. O-O O-O 10. h4 Bd7 11. h5 Qc7 12. hxg6 fxg6 13. g3 e5 14. dxe5 dxe5
15. Kg2 e4 16. Bc4+ Kh8 17. Bxg7+ Kxg7 18. Nxe4 Bg4 19. Neg5 Rf6 20. Qd3 h6 21.
Nh2 Ne5 22. Qe4 Bf5 23. Qh4 hxg5 24. Qxg5 Nxc4 25. bxc4 Qxc4 26. Rfe1 Nc6 27.
Rab1 Rb8 28. Rb2 b6 29. Nf3 Rh8 30. Nh4 Rh5 31. Nxf5+ Rxf5 32. Re7+ Nxe7 33.
Qxe7+ Rf7 0-1

[Event "Scarborough CC ch Reserves U1700"]
[Site "Toronto CAN"]
[Date "2010.03.25"]
[Round "5"]
[White "Yie, Kevin"]
[Black "Pishdad, Hassan"]
[Result "1-0"]
[WhiteElo "1176"]
[BlackElo "1422"]
[PlyCount "77"]
[EventDate "2010.02.25"]
[EventType "swiss"]
[EventRounds "9"]
[EventCountry "CAN"]

1. e4 c5 2. Nf3 d6 3. d4 cxd4 4. Nxd4 Nf6 5. Nc3 e5 6. Nb3 Be7 7. Be3 O-O 8. f3
Nc6 9. Be2 a6 10. O-O Be6 11. Qd2 Qc7 12. Rfd1 Rfd8 13. Qe1 Rab8 14. Qf2 b5 15.
a3 d5 16. exd5 Nxd5 17. Nxd5 Bxd5 18. Nc5 Qc8 19. Nd3 Bf6 20. Rd2 Bc4 21. b3 e4
22. bxc4 Bxa1 23. fxe4 Bc3 24. Rd1 bxc4 25. Nf4 Ne5 26. Nd5 Rxd5 27. exd5 Ng6
28. Rf1 f6 29. Bd4 Bxd4 30. Qxd4 Ne5 31. d6 Rb7 32. Qd5+ Kh8 33. Bf3 Rd7 34.
Qe6 Nf7 35. Rd1 Ng5 36. Qd5 Nf7 37. Bg4 Nxd6 38. Bxd7 Qb8 39. Qxd6 1-0

[Event "Scarborough CC ch Reserves U1700"]
[Site "Toronto CAN"]
[Date "2010.04.01"]
[Round "6"]
[White "Azizi, Hamid"]
[Black "Termeer, Ted"]
[Result "1-0"]
[WhiteElo "1500"]
[BlackElo "1548"]
[PlyCount "53"]
[EventDate "2010.02.25"]
[EventType "swiss"]
[EventRounds "9"]
[EventCountry "CAN"]

1. e4 c5 2. Nf3 Nc6 3. Nc3 e6 4. Bb5 Nge7 5. d3 a6 6. Bxc6 Nxc6 7. O-O Be7 8.
a3 b5 9. Ne2 Bb7 10. Re1 e5 11. c3 Qc7 12. Ng3 g6 13. Bh6 O-O-O 14. Qb3 f6 15.
Rac1 Bf8 16. Bd2 Na5 17. Qf7 Qd6 18. b4 Nb3 19. Qxb3 Qxd3 20. Qf7 Qd6 21. bxc5
Qxc5 22. Qxf6 Bd6 23. Re3 Rdf8 24. Qg7 Rhg8 25. Qh6 Be7 26. c4 Kb8 27. Bb4 1-0

[Event "Scarborough CC ch Reserves U1700"]
[Site "Toronto CAN"]
[Date "2010.04.01"]
[Round "6"]
[White "Farhang, Arvin"]
[Black "Karpik, Steve"]
[Result "1-0"]
[WhiteElo "1604"]
[BlackElo "1486"]
[PlyCount "87"]
[EventDate "2010.02.25"]
[EventType "swiss"]
[EventRounds "9"]
[EventCountry "CAN"]

1. d4 d6 2. Nf3 Nf6 3. c4 g6 4. Nc3 Bg7 5. e4 a6 6. Be2 O-O 7. O-O Nbd7 8. a3
e5 9. d5 Nc5 10. Bd3 Nxd3 11. Qxd3 Nh5 12. Ne1 Nf4 13. Bxf4 exf4 14. Qd2 Bh6
15. Nd3 Qg5 16. Ne2 Bh3 17. g3 Bxf1 18. Rxf1 fxg3 19. Qxg5 gxh2+ 20. Kxh2 Bxg5
21. f4 Bh6 22. Ng1 Bg7 23. e5 dxe5 24. fxe5 Rfe8 25. Nf3 Rad8 26. Re1 b5 27. b3
bxc4 28. bxc4 Rb8 29. Nd4 h5 30. Kg3 Kh7 31. Kf4 Bh6+ 32. Ke4 Bd2 33. Rf1 f5+
34. Kf3 f4 35. Ne6 Rb3 36. Ke4 Rxa3 37. Nxc7 Rc8 38. d6 Ra4 39. Kd5 Ba5 40.
Rxf4 Bxc7 41. Rf7+ Kh6 42. Rxc7 Ra5+ 43. c5 Rb5 44. Rxc8 1-0

[Event "Scarborough CC ch Reserves U1700"]
[Site "Toronto CAN"]
[Date "2010.04.01"]
[Round "6"]
[White "Liu, Jiaxin (Dora)"]
[Black "Rogers, Michael"]
[Result "1/2-1/2"]
[WhiteElo "1297"]
[BlackElo "1581"]
[PlyCount "51"]
[EventDate "2010.02.25"]
[EventType "swiss"]
[EventRounds "9"]
[EventCountry "CAN"]

1. e4 e5 2. Nf3 Nc6 3. Bc4 Nf6 4. Ng5 d5 5. exd5 Na5 6. Bb5+ c6 7. dxc6 bxc6 8.
Be2 h6 9. Nf3 e4 10. Ne5 Bd6 11. d4 exd3 12. Nxd3 O-O 13. O-O Be6 14. Nd2 Nc4
15. b3 Ne5 16. Bb2 Nxd3 17. Bxd3 Re8 18. h3 Qd7 19. Qf3 Bd5 20. Bf5 Qe7 21. Qd3
g6 22. Rfe1 Qxe1+ 23. Rxe1 Rxe1+ 24. Nf1 Rae8 25. Bg4 Nxg4 26. hxg4 1/2-1/2

[Event "Scarborough CC ch Reserves U1700"]
[Site "Toronto CAN"]
[Date "2010.04.01"]
[Round "6"]
[White "Pishdad, Hassan"]
[Black "Dattani, Dinesh"]
[Result "0-1"]
[WhiteElo "1422"]
[BlackElo "1373"]
[PlyCount "58"]
[EventDate "2010.02.25"]
[EventType "swiss"]
[EventRounds "9"]
[EventCountry "CAN"]

1. e4 e5 2. Nf3 Nf6 3. Nc3 d6 4. d3 Nbd7 5. Be2 Be7 6. Be3 c6 7. d4 Ng4 8. O-O
Nxe3 9. fxe3 O-O 10. d5 c5 11. Nb5 a6 12. Na3 Nf6 13. Bd3 Bg4 14. Qd2 Bh5 15.
h3 Bg6 16. Nc4 Nxe4 17. Bxe4 Bxe4 18. Na5 Bxd5 19. c4 Bc6 20. Nxc6 bxc6 21. Qc2
Qc7 22. Rad1 Rad8 23. e4 Bf6 24. Qf2 Qe7 25. Qg3 Qe6 26. b3 d5 27. Ng5 Bxg5 28.
Qxg5 d4 29. Rf6 Qxf6 0-1

[Event "Scarborough CC ch Reserves U1700"]
[Site "Toronto CAN"]
[Date "2010.04.01"]
[Round "6"]
[White "Roy, Lawrence"]
[Black "Yie, Kevin"]
[Result "0-1"]
[WhiteElo "844"]
[BlackElo "1176"]
[PlyCount "48"]
[EventDate "2010.02.25"]
[EventType "swiss"]
[EventRounds "9"]
[EventCountry "CAN"]

1. e4 e5 2. Nf3 Nc6 3. Nc3 Nf6 4. Bb5 d6 5. O-O Bd7 6. Bxc6 Bxc6 7. d4 exd4 8.
Nxd4 Be7 9. Re1 Bd7 10. a3 O-O 11. e5 dxe5 12. Rxe5 Bd6 13. Re1 h6 14. Ndb5 Bc5
15. Bf4 c6 16. b4 Bxf2+ 17. Kxf2 Qb6+ 18. Be3 Ng4+ 19. Kg1 Nxe3 20. Nd4 Nxd1
21. Raxd1 Rfe8 22. Rxe8+ Rxe8 23. Kh1 Qxd4 24. Rxd4 Re1# 0-1

[Event "Scarborough CC ch Reserves U1700"]
[Site "Toronto CAN"]
[Date "2010.04.01"]
[Round "6"]
[White "Smith, Maurice"]
[Black "Sottile, Claudio"]
[Result "1-0"]
[WhiteElo "1639"]
[BlackElo "1324"]
[PlyCount "43"]
[EventDate "2010.02.25"]
[EventType "swiss"]
[EventRounds "9"]
[EventCountry "CAN"]

1. d4 d5 2. c4 c6 3. Nc3 Nf6 4. Nf3 e6 5. Bg5 Nbd7 6. e3 Be7 7. Bd3 dxc4 8.
Bxc4 b5 9. Bd3 Bb7 10. O-O O-O 11. Rc1 Rb8 12. Qc2 h6 13. Bf4 Rc8 14. h3 Re8
15. Qe2 Nb6 16. Ne5 Nbd5 17. Nxd5 Nxd5 18. Bxh6 gxh6 19. Qg4+ Kf8 20. Qh5 Kg8
21. Qxf7+ Kh8 22. Ng6# 1-0

[Event "Scarborough CC ch Reserves U1700"]
[Site "Toronto CAN"]
[Date "2010.04.01"]
[Round "6"]
[White "Yusuf, Magas"]
[Black "Walker, John"]
[Result "1-0"]
[WhiteElo "1646"]
[BlackElo "1503"]
[PlyCount "53"]
[EventDate "2010.02.25"]
[EventType "swiss"]
[EventRounds "9"]
[EventCountry "CAN"]

1. d4 Nf6 2. Nf3 d6 3. c4 Nbd7 4. Nc3 e5 5. e4 Be7 6. Be2 O-O 7. O-O Re8 8. h3
Bf8 9. Be3 g6 10. Qc2 Bg7 11. d5 Nh5 12. b4 Nf4 13. c5 Nf8 14. Bb5 Bd7 15. Rac1
a6 16. Bc4 Qc8 17. Bxf4 exf4 18. Ne2 Bh6 19. Kh2 Bb5 20. c6 Bxc4 21. cxb7 Qxb7
22. Qxc4 Qb5 23. Rfd1 Qxc4 24. Rxc4 Rec8 25. Ned4 Nd7 26. Rdc1 Ra7 27. Nc6 1-0

[Event "Scarborough CC ch Reserves U1700"]
[Site "Toronto CAN"]
[Date "2010.04.08"]
[Round "7"]
[White "Dattani, Dinesh"]
[Black "Smith, Maurice"]
[Result "0-1"]
[WhiteElo "1373"]
[BlackElo "1639"]
[PlyCount "58"]
[EventDate "2010.02.25"]
[EventType "swiss"]
[EventRounds "9"]
[EventCountry "CAN"]

1. e4 c5 2. Nf3 d6 3. d4 cxd4 4. Nxd4 Nf6 5. Nc3 g6 6. Be2 Bg7 7. Be3 O-O 8.
Qd2 Bd7 9. O-O-O Nc6 10. h4 h5 11. f3 Ne5 12. Nd5 Nxd5 13. exd5 Rc8 14. Kb1 Nc4
15. Bxc4 Rxc4 16. Qe2 Qc8 17. Rdg1 Bxd4 18. Bxd4 Rxd4 19. Qxe7 Bf5 20. Qe2 Re8
21. Qf2 Rc4 22. Rc1 Qc5 23. Qd2 Re5 24. g4 Rxd5 25. Qg2 hxg4 26. fxg4 Be4 27.
Qe2 Re5 28. Rhe1 Bxc2+ 29. Qxc2 Rxc2 0-1

[Event "Scarborough CC ch Reserves U1700"]
[Site "Toronto CAN"]
[Date "2010.04.08"]
[Round "7"]
[White "Termeer, Ted"]
[Black "Pishdad, Hassan"]
[Result "1-0"]
[WhiteElo "1548"]
[BlackElo "1422"]
[PlyCount "88"]
[EventDate "2010.02.25"]
[EventType "swiss"]
[EventRounds "9"]
[EventCountry "CAN"]

1. Nf3 c5 2. d4 cxd4 3. Nxd4 Nf6 4. c4 e5 5. Nc2 Nc6 6. e3 Be7 7. Nc3 O-O 8. a3
d6 9. Be2 Be6 10. O-O Na5 11. Nd5 b5 12. Nxe7+ Qxe7 13. cxb5 Bb3 14. Qd2 Qc7
15. Nb4 Qb6 16. f3 Rad8 17. Qe1 Ba4 18. Bd2 Bxb5 19. Bxb5 Qxb5 20. Bc3 Nb7 21.
Rd1 Qc5 22. Kh1 Qb6 23. Nd5 Nxd5 24. Rxd5 Qc6 25. Qd2 f5 26. Rd1 Rfe8 27. h3
Re6 28. Bb4 Qa6 29. Qc2 Qb6 30. Qxf5 Rf6 31. Qe4 Qc6 32. Qd3 Qb6 33. e4 Rd7 34.
Rxe5 Rdf7 35. Re8+ Rf8 36. Rxf8+ Kxf8 37. Rc1 a5 38. Rc8+ Kf7 39. Bc3 Rg6 40.
Qd5+ Ke7 41. Bd4 Qa6 42. Rc7+ Kd8 43. Qc6 Qxc6 44. Rxc6 Kd7 1-0